Artists / Singers by their Songs #6 - Statistics

General Stats
  • This quiz has been taken 420 times
  • The average score is 7 of 10
Answer Stats
Hint Answer % Correct
Paradise / Viva la Vida / Yellow / A Sky Full of Stars Coldplay
96%
Material Girl / La Isla Bonita / Like a Prayer / Hung Up Madonna
83%
American Idiot / Boulevard of Broken Dreams / 21 Guns / Basket Case Green Day
78%
Problem / Break Free / One Last Time / Thank U, Next Ariana Grande
77%
Whole Lotta Love / Stairway to Heaven / Rock and Roll / Immigrant Song Led Zeppelin
66%
Gin and Juice / Beautiful / Drop It Like It's Hot / Wet Snoop Dogg
62%
Someone You Loved / Before You Go / Forget Me / Hold Me While You Wait Lewis Capaldi
61%
Men in Black / Gettin' Jiggy wit It / Wild Wild West / Just the Two of Us Will Smith
57%
Don't Cha / When I Grow Up / Jai Ho! (You Are My Destiny) / Buttons The Pussycat Dolls
49%
I Want to Know What Love Is / Urgent / Hot Blooded / Juke Box Hero Foreigner
41%
No matching quizzes found
Score Distribution
Percent of People with Each Score
Percentile by Number Answered
Your Score History
You have not taken this quiz